[Event "Maastricht Limburg op-B 8th"]
[Site "Maastricht"]
[Date "2014.06.08"]
[Round "5"]
[White "Rosenbrand, Stefan"]
[Black "Van den Berg, Jaap"]
[Result "0-1"]
[WhiteElo "1706"]
[BlackElo "1879"]
[PlyCount "34"]
[EventDate "2014.06.06"]
[EventType "swiss"]
[EventRounds "7"]
[EventCountry "NED"]
[SourceTitle "EXT 2015"]
[Source "ChessBase"]
[SourceDate "2014.11.20"]
[SourceVersion "1"]
[SourceVersionDate "2014.11.20"]
[SourceQuality "1"]

1. c4 f5 2. g3 g6 3. Bg2 Bg7 4. Nc3 Nf6 5. d3 d6 6. e4 fxe4 7. dxe4 e5 8. Nge2 c6 9. b3 0-0 10. Ba3 Ne8 11. Qd2 Bg4 12. Rd1 Na6 13. Bxd6 Nxd6 14. Qxd6 Qb6 15. 0-0 Rad8 16. c5 Nxc5 17. Qe7 Bf6 0-1

[Event "Maastricht Limburg op-C 6th"]
[Site "Maastricht"]
[Date "2012.05.28"]
[Round "7"]
[White "Rosenbrand, Stefan"]
[Black "Dijkhuis, Oele"]
[Result "1/2-1/2"]
[WhiteElo "1381"]
[BlackElo "988"]
[PlyCount "112"]
[EventDate "2012.05.25"]
[EventType "swiss"]
[EventRounds "7"]
[EventCountry "NED"]
[SourceTitle "EXT 2013"]
[Source "ChessBase"]
[SourceDate "2012.11.22"]
[SourceVersion "1"]
[SourceVersionDate "2012.11.22"]
[SourceQuality "1"]

1. e4 e5 2. Nf3 Nc6 3. Bb5 a6 4. Ba4 Nf6 5. 0-0 b5 6. Bb3 Bc5 7. Re1 d6 8. c3 Bg4 9. h3 Bh5 10. d3 h6 11. Nbd2 0-0 12. Nf1 Na5 13. Bc2 b4 14. Ng3 Bg6 15. d4 exd4 16. cxd4 Bb6 17. Nh4 Nd7 18. Nxg6 fxg6 19. Be3 Nc4 20. Bb3 d5 21. exd5 Nxe3 22. fxe3 Qh4 23. Kh2 Rf2 24. Re2 Raf8 25. Qc2 Rxe2 26. Qxe2 a5 27. Rf1 Rxf1 28. Qxf1 Kh7 29. Qf3 Nf6 30. Bc2 Qg5 31. Ne4 Nxe4 32. Qxe4 Qf6 33. Qe6 h5 34. Kg1 Kh6 35. g3 c5 36. Qxf6 gxf6 37. dxc5 Bxc5 38. Kf2 Kg7 39. Kf3 Kf7 40. Kf4 g5+ 41. Kf5 Bxe3 42. d6 Bb6 43. Bb3+ Ke8 44. Kxf6 h4 45. Ba4+ Kd8 46. g4 Be3 47. Ke6 Bf4 48. Kd5 Bg3 49. Kc5 Bf4 50. Bc6 Be5 51. b3 Bf4 52. Kb6 Bxd6 53. Kxa5 Be7 54. Kb6 Bd6 55. Kb5 Be7 56. Kc4 Bf8 1/2-1/2

[Event "Maastricht Limburg op-C 6th"]
[Site "Maastricht"]
[Date "2012.05.26"]
[Round "2"]
[White "Kalkman de Koster, Franzke"]
[Black "Rosenbrand, Stefan"]
[Result "1-0"]
[WhiteElo "1623"]
[BlackElo "1381"]
[PlyCount "63"]
[EventDate "2012.05.25"]
[EventType "swiss"]
[EventRounds "7"]
[EventCountry "NED"]
[SourceTitle "EXT 2013"]
[Source "ChessBase"]
[SourceDate "2012.11.22"]
[SourceVersion "1"]
[SourceVersionDate "2012.11.22"]
[SourceQuality "1"]

1. d4 d5 2. c4 e6 3. Nf3 c6 4. cxd5 exd5 5. Nc3 Bf5 6. a3 Qc7 7. g3 Bd6 8. Bg2 Nd7 9. 0-0 Ngf6 10. h3 0-0 11. Bd2 Rae8 12. Rc1 h6 13. Nb5 Qb8 14. Nxd6 Qxd6 15. Bb4 c5 16. dxc5 Qe6 17. c6 bxc6 18. Bxf8 Nxf8 19. Nd4 Qd7 20. Nxf5 Qxf5 21. Rxc6 Ng6 22. Rc5 Rd8 23. e4 Nxe4 24. Bxe4 Qxe4 25. Qc2 Qe6 26. Kg2 d4 27. b4 d3 28. Qd2 Qe4+ 29. f3 Qd4 30. Re1 f6 31. Re4 Qa1 32. Rc3 1-0

[Event "Maastricht Limburg op-C 6th"]
[Site "Maastricht"]
[Date "2012.05.26"]
[Round "3"]
[White "Rosenbrand, Stefan"]
[Black "Jacobs, Tobias"]
[Result "1-0"]
[WhiteElo "1381"]
[BlackElo "1416"]
[PlyCount "67"]
[EventDate "2012.05.25"]
[EventType "swiss"]
[EventRounds "7"]
[EventCountry "NED"]
[SourceTitle "EXT 2013"]
[Source "ChessBase"]
[SourceDate "2012.11.22"]
[SourceVersion "1"]
[SourceVersionDate "2012.11.22"]
[SourceQuality "1"]

1. e4 d5 2. exd5 Nf6 3. d4 Nxd5 4. c4 Nf6 5. Nf3 Bg4 6. Be3 e6 7. h3 Bh5 8. Be2 Be7 9. Qb3 Qc8 10. Nc3 c6 11. 0-0 Nbd7 12. Rac1 Nb6 13. Rfd1 0-0 14. d5 c5 15. Rd2 Rd8 16. Rcd1 Ne8 17. Ne4 f5 18. Ng3 Bxf3 19. Bxf3 e5 20. Qc2 f4 21. Nf5 Bg5 22. Bg4 Nd7 23. h4 fxe3 24. hxg5 exf2+ 25. Rxf2 Kh8 26. Ne7 Qc7 27. Bxd7 Nd6 28. Bf5 Qxe7 29. Bxh7 Qxg5 30. Rdf1 Re8 31. Rf3 Rad8 32. Rh3 b6 33. Bg8+ Kxg8 34. Qh7# 1-0